000 00366nam a2200133Ia 4500
008 231129s1984||||xx |||||||||||||| ||spa||
020 _a958-602-342-7
082 _a823.54 F855i
100 _aFreeman Cynthia.
245 0 _aIlusiones de amor
260 _c1984
264 _aBogotá: Cí­rculo de lectores
942 _2ddc
_cBKS
999 _c15584
_d15584